Voxographie de Dorothée Pousséo en images - Statistiques

Statistiques générales
  • Ce quiz a été pris 262 fois
  • Le résultat moyen est 6 sur 16
Statistiques - réponses
Par images Réponse % Correct
Barbie
100%
Nana
94%
Harley Quinn
85%
Anxiété
72%
Vanellope von Schweetz
66%
Adèle
41%
Dee-Dee
25%
Erica Sinclair
23%
Charlotte
22%
Horace
17%
Bétamèche
16%
Diana Lombard
16%
Adamaï
11%
Naomi Lapaglia
8%
Elena Neves
4%
Mary-Kate et Ashley Burke
2%
Aucun quiz correspondant
Distribution des résultats
% des personnes avec chaque résultat
Percentile par nombre de réponses
Votre historique - résultats
Vous n’avez pas pris ce quiz